00606nam a22002057a 450000500170000001000130001702000100003003500130004003700160005304000120006908200160008110000170009724500720011426000570018627000460024330000200028950000510030965000170036065000230037720170124110028.0 aA-169274 c00.00 aA-060572 bCen Lib/Ret aDPLbEN a342.54bSHA aSharma, B.R. aSocio-economic justice under indian constitution /cby B.R. Sharma aNew DelhibDeep & Deep Publications Pvt. Ltd. c1984 aD-1/24 Rajouri Garden bNew Delhie110027 a460p.c23cm(Hb) aIncludes bibliographical references and index. aCivil rights aConstitutional law